000 00676nam a2200253Ia 4500
005 20260121161230.0
008 008 260114s9999 xx 000 0 eng d
020 _a9781003157472
037 _aEBOOK
040 _aCRL
040 _beng
040 _cCRL
041 _2eng
041 _aeng
084 _qCRL
100 _aLauren Hall
_91041844
245 0 _aTrusting Recovery and Desistance:The Social Components Model of Recovery from Addiction and Desistance from Crime
260 _bTaylor and Francis
260 _c2024
856 _uhttp://www.taylorfrancis.com/books/9781003157472
942 _cEBOOK
999 _c1608660
_d1608660